000
00300nam a22001217a 4500
020
_a
9788120417540
082
_a
635
_b
KUM/IN
100
_a
Kumar N.
_9
1215
245
_a
Introduction to Horticulture
260
_a
New Delhi
_b
Oxford and IBH Publishing Co. Pvt. Ltd
_c
2013
300
_a
440
942
_c
BK
999
_c
14691
_d
14691